000 00333 a2200157 4500
001 66534
020 _a978587779410
040 _cAnchieta - Pituba
100 _aKindermann, Barbara
240 1 0 _aGuilherme Tell
_lpor
245 1 0 _aGuilherme Tell
300 _a39
362 0 _a2016
650 4 _aLiteratura juvenil
942 _cBK
999 _c66534
_d66534